Champions de LaLiga (1929-) - Statistiques

Statistiques générales
  • Ce quiz a été pris 144 fois
  • Le résultat moyen est 77 sur 92
Statistiques - réponses
Saison Club champion % Correct
1932 Real Madrid
100%
1933 Real Madrid
100%
1954 Real Madrid
100%
1955 Real Madrid
100%
1957 Real Madrid
100%
1958 Real Madrid
100%
1961 Real Madrid
100%
1962 Real Madrid
100%
1963 Real Madrid
100%
1964 Real Madrid
100%
1965 Real Madrid
100%
1967 Real Madrid
100%
1968 Real Madrid
100%
1969 Real Madrid
100%
1972 Real Madrid
100%
1975 Real Madrid
100%
1976 Real Madrid
100%
1978 Real Madrid
100%
1979 Real Madrid
100%
1980 Real Madrid
100%
1986 Real Madrid
100%
1987 Real Madrid
100%
1988 Real Madrid
100%
1989 Real Madrid
100%
1990 Real Madrid
100%
1995 Real Madrid
100%
1997 Real Madrid
100%
2001 Real Madrid
100%
2003 Real Madrid
100%
2007 Real Madrid
100%
2008 Real Madrid
100%
2012 Real Madrid
100%
2017 Real Madrid
100%
2020 Real Madrid
100%
2022 Real Madrid
100%
1950 Atlético de Madrid
93%
1951 Atlético de Madrid
93%
1966 Atlético de Madrid
93%
1970 Atlético de Madrid
93%
1973 Atlético de Madrid
93%
1977 Atlético de Madrid
93%
1996 Atlético de Madrid
93%
2014 Atlético de Madrid
93%
2021 Atlético de Madrid
93%
1929 FC Barcelone
90%
1945 FC Barcelone
90%
1948 FC Barcelone
90%
1949 FC Barcelone
90%
1952 FC Barcelone
90%
1953 FC Barcelone
90%
1959 FC Barcelone
90%
1960 FC Barcelone
90%
1974 FC Barcelone
90%
1985 FC Barcelone
90%
1991 FC Barcelone
90%
1992 FC Barcelone
90%
1993 FC Barcelone
90%
1994 FC Barcelone
90%
1998 FC Barcelone
90%
1999 FC Barcelone
90%
2005 FC Barcelone
90%
2006 FC Barcelone
90%
2009 FC Barcelone
90%
2010 FC Barcelone
90%
2011 FC Barcelone
90%
2013 FC Barcelone
90%
2015 FC Barcelone
90%
2016 FC Barcelone
90%
2018 FC Barcelone
90%
2019 FC Barcelone
90%
2023 FC Barcelone
90%
1930 Athletic Bilbao
57%
1931 Athletic Bilbao
57%
1934 Athletic Bilbao
57%
1936 Athletic Bilbao
57%
1943 Athletic Bilbao
57%
1956 Athletic Bilbao
57%
1983 Athletic Bilbao
57%
1984 Athletic Bilbao
57%
1981 Real Sociedad
57%
1982 Real Sociedad
57%
1942 Valence CF
55%
1944 Valence CF
55%
1947 Valence CF
55%
1971 Valence CF
55%
2004 Valence CF
55%
1935 Real Betis
53%
2000 Deportivo La Corogne
29%
1946 Séville FC
23%
2002 Valence CF
2%
1940 Atlético Avacion
0%
1941 Atlético Avacion
0%
Aucun quiz correspondant
Distribution des résultats
% des personnes avec chaque résultat
Percentile par nombre de réponses
Votre historique - résultats
Vous n’avez pas pris ce quiz